000 00661nam a2200193Ia 4500
008 250919t1931||||xx |||||||||||||| ||spa||
040 _agtgcusco
_bspa
_cgtgcusco
_dgtgcusco
041 _aspa
084 _aT26
100 _aEscobar R. Eduardo
_98727
245 0 _aProtección de la pulpa dentaria
260 _aGuatemala :
_bUSAC,
_c1931
300 _a25 p. :
_bil. :
336 _atexto
_btxt
_2rdacontenido
337 _aSin mediación
_bn
_2rdamedio
338 _avolumen
_bnc
_2rdasoporte
502 _aTesis (Cirujano Dentista) -- Universidad de San Carlos de Guatemala, Facultad de Odontología. --
942 _aBiblioteca Facultad de Odontología
_cTESIS
_kT26
999 _c7198
_d7198